[Event "Moscow Aeroflot op-A 18th"]
[Site "Moscow"]
[Date "2019.02.22"]
[Round "3"]
[White "Nabaty, Tamir"]
[Black "Praggnanandhaa, Rameshbabu"]
[Result "1-0"]
[WhiteElo "2688"]
[BlackElo "2532"]
[PlyCount "99"]
[EventDate "2019.02.20"]
[EventType "swiss"]
[EventRounds "9"]
[EventCountry "RUS"]
[SourceTitle "CBM 189"]
[Source "ChessBase"]
[SourceDate "2019.04.29"]
[SourceVersion "1"]
[SourceVersionDate "2019.04.29"]
[SourceQuality "1"]

1. Nf3 Nf6 2. c4 e6 3. b3 d5 4. Bb2 c5 5. cxd5 exd5 6. e3 Nc6 7. Bb5 Bd6 8. d4
cxd4 9. Nxd4 O-O 10. O-O Bc7 11. Nd2 Qd6 12. g3 Bh3 13. Re1 Bb6 14. Ne2 d4 15.
Nxd4 Nxd4 16. exd4 Rad8 17. Ne4 Nxe4 18. Rxe4 Bf5 19. Rf4 Bd7 20. Bc4 Bc7 21.
Qf3 Qg6 22. Rh4 b5 23. Bd3 f5 24. d5 Bd6 25. a4 bxa4 26. bxa4 Rb8 27. Bc3 Rfc8
28. Bb5 Bxb5 29. axb5 Rxb5 30. Ra6 Rb6 31. Raa4 Rb3 32. Rhc4 Rxc4 33. Rxc4 h6
34. Rc6 f4 35. Kg2 a5 36. Qd1 Rb5 37. Qd4 f3+ 38. Kxf3 Qf7+ 39. Ke4 Bb4 40. Qc4
Rb8 41. Be5 Rf8 42. d6 Qxc4+ 43. Rxc4 Rxf2 44. Rxb4 axb4 45. d7 Rf8 46. Bc7 b3
47. Kd3 Kf7 48. d8=Q Rxd8+ 49. Bxd8 Kg6 50. g4 1-0

[Event "Moscow Aeroflot op-A 18th"]
[Site "Moscow"]
[Date "2019.02.22"]
[Round "3"]
[White "Puranik, Abhimanyu Sameer"]
[Black "Schitco, Ivan"]
[Result "1-0"]
[WhiteElo "2538"]
[BlackElo "2426"]
[PlyCount "65"]
[EventDate "2019.02.20"]
[EventType "swiss"]
[EventRounds "9"]
[EventCountry "RUS"]
[SourceTitle "CBM 189"]
[Source "ChessBase"]
[SourceDate "2019.04.29"]
[SourceVersion "1"]
[SourceVersionDate "2019.04.29"]
[SourceQuality "1"]

1. e4 c6 2. Nf3 d5 3. Nc3 Bg4 4. h3 Bxf3 5. Qxf3 e6 6. Be2 Nf6 7. O-O dxe4 8.
Nxe4 Nxe4 9. Qxe4 Nd7 10. d4 Nf6 11. Qd3 Bd6 12. c3 h6 13. Re1 O-O 14. Qf3 Bc7
15. Bc4 a5 16. a4 Nd5 17. g3 Rb8 18. Kg2 Re8 19. Bb3 b5 20. Bc2 Qd7 21. Re2 Kf8
22. h4 Kg8 23. Bd2 b4 24. c4 b3 25. Bxb3 Nf6 26. Rd1 Qxd4 27. Bxa5 Qa7 28. Bd2
e5 29. Bc2 Rxb2 30. Bc3 Rbb8 31. Qxc6 Ba5 32. Bxe5 Rb6 33. Bxf6 1-0

[Event "Moscow Aeroflot op-A 18th"]
[Site "Moscow"]
[Date "2019.02.22"]
[Round "3"]
[White "Safarli, Eltaj"]
[Black "Santos Ruiz, Miguel"]
[Result "1/2-1/2"]
[WhiteElo "2681"]
[BlackElo "2554"]
[PlyCount "58"]
[EventDate "2019.02.20"]
[EventType "swiss"]
[EventRounds "9"]
[EventCountry "RUS"]
[SourceTitle "CBM 189"]
[Source "ChessBase"]
[SourceDate "2019.04.29"]
[SourceVersion "1"]
[SourceVersionDate "2019.04.29"]
[SourceQuality "1"]

1. e4 e5 2. Nf3 Nc6 3. Bb5 a6 4. Ba4 Nf6 5. Qe2 Be7 6. O-O b5 7. Bb3 O-O 8. c3
d5 9. d3 d4 10. Bg5 Bb7 11. Rc1 dxc3 12. Nxc3 Nd4 13. Nxd4 exd4 14. Bxf6 Bxf6
15. Nd5 Bg5 16. f4 c6 17. fxg5 cxd5 18. e5 Qxg5 19. Rc7 Rab8 20. Rf1 Qd8 21.
Rfc1 Qg5 22. e6 fxe6 23. Qxe6+ Kh8 24. Qe7 Qe3+ 25. Kh1 Qxe7 26. Rxe7 Bc8 27.
h3 Bf5 28. Rc5 Bxd3 29. Rxd5 Bc4 1/2-1/2

[Event "Moscow Aeroflot op-A 18th"]
[Site "Moscow"]
[Date "2019.02.22"]
[Round "3"]
[White "Sethuraman, SP."]
[Black "Deac, Bogdan Daniel"]
[Result "0-1"]
[WhiteElo "2651"]
[BlackElo "2603"]
[PlyCount "102"]
[EventDate "2019.02.20"]
[EventType "swiss"]
[EventRounds "9"]
[EventCountry "RUS"]
[SourceTitle "CBM 189"]
[Source "ChessBase"]
[SourceDate "2019.04.29"]
[SourceVersion "1"]
[SourceVersionDate "2019.04.29"]
[SourceQuality "1"]

1. c4 e5 2. Nc3 Nf6 3. Nf3 Nc6 4. e3 Bb4 5. Qc2 Bxc3 6. bxc3 O-O 7. e4 d6 8. d3
Ne8 9. Be2 f5 10. c5 dxc5 11. O-O fxe4 12. dxe4 Nd6 13. Qb3+ Kh8 14. Qd5 Qe8
15. Qxc5 Nxe4 16. Qe3 Nd6 17. Ba3 Bf5 18. Rfe1 Qe6 19. Nh4 Bg4 20. Bd3 Qf6 21.
Qg3 Qf4 22. Rab1 Rab8 23. h3 Qxg3 24. fxg3 Be6 25. Rb2 Rfe8 26. Rbe2 Rbd8 27.
Bb1 Bc4 28. Re3 Bf7 29. Bc1 Nc4 30. R3e2 Kg8 31. g4 Nb6 32. Bg5 Rd6 33. Nf5 Rd7
34. Be4 Bd5 35. Bb1 Bc4 36. Re3 Rf8 37. Bh4 Nd5 38. Rd1 Rff7 39. Rf3 Be2 40.
Bc2 Bxf3 41. gxf3 Nxc3 42. Re1 Kf8 43. Bb3 Nd4 44. Nxd4 exd4 45. Bxf7 Kxf7 46.
Bg5 h6 47. Bd2 c5 48. Kf2 b5 49. Re5 c4 50. Rf5+ Ke6 51. a3 Nd5 0-1

[Event "Moscow Aeroflot op-A 18th"]
[Site "Moscow"]
[Date "2019.02.22"]
[Round "3"]
[White "Sindarov, Javokhir"]
[Black "Lalith, Babu MR"]
[Result "1/2-1/2"]
[WhiteElo "2505"]
[BlackElo "2556"]
[PlyCount "64"]
[EventDate "2019.02.20"]
[EventType "swiss"]
[EventRounds "9"]
[EventCountry "RUS"]
[SourceTitle "CBM 189"]
[Source "ChessBase"]
[SourceDate "2019.04.29"]
[SourceVersion "1"]
[SourceVersionDate "2019.04.29"]
[SourceQuality "1"]

1. e4 e5 2. Nf3 Nc6 3. Bc4 Bc5 4. O-O Nf6 5. d3 a6 6. c3 d6 7. a4 Ba7 8. Na3
Ne7 9. Bg5 Ng6 10. Nh4 Nxh4 11. Bxh4 h6 12. Kh1 g5 13. Bg3 Qe7 14. f3 h5 15. d4
h4 16. Bf2 Nh5 17. Re1 Rg8 18. h3 Qf6 19. dxe5 Qxe5 20. Qd5 Qxd5 21. exd5+ Kf8
22. Bxa7 Rxa7 23. Nc2 Ra8 24. Nd4 Bd7 25. b4 Nf4 26. Kg1 Ng6 27. a5 Kg7 28. Bf1
Kf6 29. c4 Nf4 30. Ne2 Nxe2+ 31. Bxe2 Rge8 32. Kf2 Re5 1/2-1/2

[Event "Moscow Aeroflot op-A 18th"]
[Site "Moscow"]
[Date "2019.02.22"]
[Round "3"]
[White "Suleymenov, Alisher"]
[Black "Hakobyan, Aram"]
[Result "1/2-1/2"]
[WhiteElo "2428"]
[BlackElo "2545"]
[PlyCount "129"]
[EventDate "2019.02.20"]
[EventType "swiss"]
[EventRounds "9"]
[EventCountry "RUS"]
[SourceTitle "CBM 189"]
[Source "ChessBase"]
[SourceDate "2019.04.29"]
[SourceVersion "1"]
[SourceVersionDate "2019.04.29"]
[SourceQuality "1"]

1. d4 Nf6 2. c4 e6 3. Nf3 a6 4. Bg5 h6 5. Bxf6 Qxf6 6. Nc3 g6 7. g3 Bg7 8. Bg2
O-O 9. O-O d6 10. Qd2 Nd7 11. Rfd1 Rb8 12. Rac1 b6 13. Ne1 Qe7 14. Nc2 c5 15.
b4 Rd8 16. dxc5 bxc5 17. a3 Ne5 18. Ne3 Qc7 19. b5 d5 20. bxa6 Bxa6 21. cxd5
exd5 22. Ncxd5 Qa7 23. Qa5 Rdc8 24. Ne7+ Qxe7 25. Qxa6 Qe8 26. Rb1 Rxb1 27.
Rxb1 c4 28. Rc1 Kh7 29. Nd5 Qd8 30. Qb6 Qxb6 31. Nxb6 Rb8 32. Nxc4 Rc8 33. Bd5
Rc5 34. e4 f5 35. Rc2 Nf3+ 36. Kh1 Nd4 37. Ra2 fxe4 38. Ne3 Nb5 39. Bb7 Rc7 40.
Ba6 Nc3 41. Rb2 Nd1 42. Rc2 Rxc2 43. Nxc2 Nxf2+ 44. Kg2 Nd1 45. Bb7 Nc3 46. Bc6
Bf8 47. a4 Bc5 48. a5 Kg7 49. a6 Kf6 50. Nb4 e3 51. Nc2 e2 52. Kf3 Ke5 53. Be8
Kf6 54. Bc6 Ke5 55. Be8 Kf6 56. h4 g5 57. h5 Ke5 58. Bg6 Nb5 59. Kxe2 Nd4+ 60.
Nxd4 Bxd4 61. Kd3 Ba7 62. g4 Bb6 63. Kc4 Ba7 64. Kb5 Kd6 65. Bf5 1/2-1/2

[Event "Moscow Aeroflot op-A 18th"]
[Site "Moscow"]
[Date "2019.02.22"]
[Round "3"]
[White "Svane, Rasmus"]
[Black "Warmerdam, Max"]
[Result "1-0"]
[WhiteElo "2599"]
[BlackElo "2450"]
[PlyCount "63"]
[EventDate "2019.02.20"]
[EventType "swiss"]
[EventRounds "9"]
[EventCountry "RUS"]
[SourceTitle "CBM 189"]
[Source "ChessBase"]
[SourceDate "2019.04.29"]
[SourceVersion "1"]
[SourceVersionDate "2019.04.29"]
[SourceQuality "1"]

1. d4 d5 2. c4 c6 3. Nc3 dxc4 4. e4 b5 5. a4 b4 6. Nb1 Ba6 7. Qc2 Nf6 8. Nd2
Qxd4 9. Ngf3 b3 10. Nxd4 bxc2 11. f3 c3 12. bxc3 Bxf1 13. Rxf1 e5 14. Nxc2 Na6
15. Nc4 Nd7 16. Be3 Bc5 17. Bxc5 Naxc5 18. Nb4 Nb6 19. Nd6+ Kd7 20. O-O-O Kc7
21. Nxf7 a5 22. Nxh8 axb4 23. cxb4 Nb3+ 24. Kc2 Nd4+ 25. Rxd4 exd4 26. Nf7 c5
27. bxc5 Nd7 28. Kd3 Rxa4 29. Rc1 Ra2 30. g4 Ra3+ 31. Kxd4 Rxf3 32. Ne5 1-0

[Event "Moscow Aeroflot op-A 18th"]
[Site "Moscow"]
[Date "2019.02.22"]
[Round "3"]
[White "Sychev, Klementy"]
[Black "Macovei, Andrei"]
[Result "1-0"]
[WhiteElo "2545"]
[BlackElo "2435"]
[PlyCount "73"]
[EventDate "2019.02.20"]
[EventType "swiss"]
[EventRounds "9"]
[EventCountry "RUS"]
[SourceTitle "CBM 189"]
[Source "ChessBase"]
[SourceDate "2019.04.29"]
[SourceVersion "1"]
[SourceVersionDate "2019.04.29"]
[SourceQuality "1"]

1. e4 c6 2. d4 d5 3. e5 Bf5 4. Nf3 e6 5. Be2 Ne7 6. O-O c5 7. c4 Nbc6 8. Nc3
dxc4 9. Bg5 Qd7 10. Bxc4 Nxd4 11. Bxe7 Bxe7 12. Nxd4 Qxd4 13. Qa4+ Kf8 14. Rfe1
Qd8 15. Rad1 Qb6 16. Rd7 a6 17. Ne4 g5 18. h4 gxh4 19. Nd6 Bxd6 20. exd6 Rd8
21. Bxe6 fxe6 22. Qb3 Qxb3 23. Rxd8+ Kf7 24. Rd7+ Kf6 25. axb3 Rb8 26. Rc7 Rd8
27. d7 b6 28. Rd1 Ke7 29. Rc6 Bc2 30. Rdd6 Bxb3 31. Rxb6 Bc4 32. Kh2 a5 33.
Rbc6 Bd5 34. Rc8 Rxd7 35. Rxd7+ Kxd7 36. Rxc5 a4 37. Ra5 1-0

[Event "Moscow Aeroflot op-A 18th"]
[Site "Moscow"]
[Date "2019.02.22"]
[Round "3"]
[White "Vokhidov, Shamsiddin"]
[Black "Vishnu, Prasanna V"]
[Result "1/2-1/2"]
[WhiteElo "2494"]
[BlackElo "2524"]
[PlyCount "136"]
[EventDate "2019.02.20"]
[EventType "swiss"]
[EventRounds "9"]
[EventCountry "RUS"]
[SourceTitle "CBM 189"]
[Source "ChessBase"]
[SourceDate "2019.04.29"]
[SourceVersion "1"]
[SourceVersionDate "2019.04.29"]
[SourceQuality "1"]

1. e4 e5 2. Nf3 Nc6 3. Bb5 a6 4. Ba4 Nf6 5. O-O Be7 6. Re1 d6 7. Bxc6+ bxc6 8.
d4 exd4 9. Nxd4 Bd7 10. Nc3 c5 11. Nf5 Bxf5 12. exf5 O-O 13. Bg5 Re8 14. Qd3 h6
15. Bh4 Rb8 16. b3 Rb4 17. Bg3 Qa8 18. Re3 Ng4 19. Rxe7 Rxe7 20. Nd5 Ree4 21.
Nxb4 Rxb4 22. c3 Rb8 23. Re1 Nf6 24. Kf1 a5 25. c4 a4 26. Bh4 axb3 27. Bxf6
gxf6 28. axb3 Re8 29. Rd1 Re5 30. h3 Qc8 31. Ra1 Kg7 32. Qf3 Qxf5 33. Qxf5 Rxf5
34. Ra7 Re5 35. Rxc7 f5 36. Rd7 Re6 37. g3 Kf6 38. Kg2 Kg6 39. Kf3 Kf6 40. g4
fxg4+ 41. hxg4 Kg6 42. Kf4 Rf6+ 43. Kg3 Re6 44. Rd8 h5 45. Rg8+ Kh7 46. Rg5
hxg4 47. Kxg4 Kh6 48. f4 Re3 49. Rd5 Re6 50. f5 Re4+ 51. Kf3 Re5 52. Rxd6+ Kg5
53. f6 Kf5 54. Rc6 Kg5 55. Kf2 Kf5 56. Kg2 Kg5 57. Kf3 Kf5 58. Rb6 Kg5 59. Rd6
Kf5 60. Kf2 Kg5 61. Rc6 Kf5 62. Ra6 Kg5 63. Kf3 Kf5 64. Rc6 Kg5 65. Kg2 Kf5 66.
Kf2 Kg5 67. Kf3 Kf5 68. Ra6 Kg5 1/2-1/2

[Event "Moscow Aeroflot op-A 18th"]
[Site "Moscow"]
[Date "2019.02.22"]
[Round "3"]
[White "Yakubboev, Nodirbek"]
[Black "Murzin, Volodar"]
[Result "1/2-1/2"]
[WhiteElo "2569"]
[BlackElo "2337"]
[PlyCount "127"]
[EventDate "2019.02.20"]
[EventType "swiss"]
[EventRounds "9"]
[EventCountry "RUS"]
[SourceTitle "CBM 189"]
[Source "ChessBase"]
[SourceDate "2019.04.29"]
[SourceVersion "1"]
[SourceVersionDate "2019.04.29"]
[SourceQuality "1"]

1. d4 d5 2. c4 c6 3. Nf3 Nf6 4. e3 a6 5. Nbd2 e6 6. b3 Bd6 7. Bd3 O-O 8. O-O
Nbd7 9. Bb2 Qe7 10. e4 dxe4 11. Nxe4 Nxe4 12. Bxe4 Nf6 13. Re1 Ba3 14. Bc3 Bb4
15. Bxb4 Qxb4 16. c5 Rd8 17. a3 Qa5 18. Qc2 Bd7 19. Ne5 Be8 20. Nc4 Qc7 21.
Rad1 h6 22. b4 Rab8 23. a4 Rd7 24. g3 Rbd8 25. Qc3 Re7 26. Bg2 Red7 27. Rd3 Re7
28. Nb6 Nd5 29. Bxd5 cxd5 30. Rde3 Qc6 31. f4 f6 32. Qd3 Bf7 33. f5 e5 34. dxe5
fxe5 35. Rxe5 Rxe5 36. Rxe5 a5 37. Qd4 axb4 38. Re1 Re8 39. Kf2 b3 40. Rxe8+
Qxe8 41. Qb4 Qe4 42. Qxb3 d4 43. Qf3 Qc2+ 44. Ke1 Qc1+ 45. Ke2 Qxc5 46. Qxb7
Bh5+ 47. Kf1 Qxf5+ 48. Kg2 Kh7 49. h4 Qc2+ 50. Kh3 Be2 51. g4 Qd3+ 52. Kh2 Bxg4
53. Qg2 h5 54. a5 Qb5 55. Qe4+ Bf5 56. Qxd4 Qxa5 57. Nc4 Qe1 58. Nd2 Qe2+ 59.
Kg3 Qe1+ 60. Kh2 Qe2+ 61. Kg3 Qe1+ 62. Kh2 Bg4 63. Qe4+ Qxe4 64. Nxe4 1/2-1/2

[Event "Moscow Aeroflot op-A 18th"]
[Site "Moscow"]
[Date "2019.02.22"]
[Round "3"]
[White "Yuffa, Daniil"]
[Black "Korobov, Anton"]
[Result "0-1"]
[WhiteElo "2578"]
[BlackElo "2687"]
[PlyCount "84"]
[EventDate "2019.02.20"]
[EventType "swiss"]
[EventRounds "9"]
[EventCountry "RUS"]
[SourceTitle "CBM 189"]
[Source "ChessBase"]
[SourceDate "2019.04.29"]
[SourceVersion "1"]
[SourceVersionDate "2019.04.29"]
[SourceQuality "1"]

1. d4 d5 2. c4 c6 3. Nf3 Nf6 4. Nc3 e6 5. Bg5 h6 6. Bh4 dxc4 7. e4 g5 8. Bg3 b5
9. Be2 Bb7 10. O-O Nbd7 11. Ne5 h5 12. Nxd7 Qxd7 13. Be5 Rh6 14. Qc1 Rg6 15.
Qe3 Ng4 16. Bxg4 hxg4 17. Rfd1 f6 18. Bg3 Kf7 19. b3 b4 20. Na4 c3 21. a3 c2
22. Re1 Rd8 23. Nc5 Bxc5 24. dxc5 e5 25. axb4 Qd2 26. f3 Qxe3+ 27. Rxe3 Rgg8
28. Rc1 Rd1+ 29. Re1 Rd2 30. fxg4 Rgd8 31. h4 Ba6 32. hxg5 fxg5 33. Bxe5 R8d3
34. Kh2 Ke6 35. Bg7 Rd1 36. Bb2 Rxb3 37. Rexd1 cxd1=Q 38. Rxd1 Rxb2 39. Rd6+
Ke5 40. Rxc6 Bd3 41. Rg6 Kf4 42. Rf6+ Kxg4 0-1

[Event "Moscow Aeroflot op-A 18th"]
[Site "Moscow"]
[Date "2019.02.22"]
[Round "3"]
[White "Zvjaginsev, Vadim"]
[Black "Lobanov, Sergei"]
[Result "1-0"]
[WhiteElo "2642"]
[BlackElo "2526"]
[PlyCount "65"]
[EventDate "2019.02.20"]
[EventType "swiss"]
[EventRounds "9"]
[EventCountry "RUS"]
[SourceTitle "CBM 189"]
[Source "ChessBase"]
[SourceDate "2019.04.29"]
[SourceVersion "1"]
[SourceVersionDate "2019.04.29"]
[SourceQuality "1"]

1. Nf3 d5 2. g3 Nf6 3. Bg2 c6 4. O-O Bg4 5. d3 Nbd7 6. h3 Bh5 7. Bf4 Bxf3 8.
exf3 e6 9. Be3 Bd6 10. f4 O-O 11. Nd2 c5 12. Nf3 b5 13. c4 Rb8 14. b3 Qc7 15.
Rc1 Rfc8 16. Re1 Bf8 17. Bd2 g6 18. h4 a6 19. Ng5 Re8 20. h5 Qd6 21. hxg6 hxg6
22. Bc3 Rbc8 23. Be5 Qb6 24. cxd5 Nxd5 25. Bxd5 exd5 26. Qg4 Nxe5 27. Rxe5 Rxe5
28. fxe5 Qb7 29. Qh3 Bg7 30. e6 f6 31. e7 fxg5 32. Qe6+ Kh7 33. Kg2 1-0

[Event "Moscow Aeroflot op-A 18th"]
[Site "Moscow"]
[Date "2019.02.23"]
[Round "4"]
[White "Alekseenko, Kirill"]
[Black "Aryan, Chopra"]
[Result "1/2-1/2"]
[WhiteElo "2634"]
[BlackElo "2540"]
[PlyCount "76"]
[EventDate "2019.02.20"]
[EventType "swiss"]
[EventRounds "9"]
[EventCountry "RUS"]
[SourceTitle "CBM 189"]
[Source "ChessBase"]
[SourceDate "2019.04.29"]
[SourceVersion "1"]
[SourceVersionDate "2019.04.29"]
[SourceQuality "1"]

1. e4 e5 2. Nf3 Nc6 3. Bb5 a6 4. Ba4 g6 5. d4 exd4 6. Nxd4 Bg7 7. Nxc6 dxc6 8.
Qxd8+ Kxd8 9. Bb3 Bh6 10. Nd2 Ke7 11. O-O Nf6 12. Nf3 Bxc1 13. Raxc1 a5 14. Ne5
Rf8 15. Rfe1 a4 16. Bc4 Nd7 17. Nxd7 Bxd7 18. f3 c5 19. Kf2 Be6 20. Bxe6 Kxe6
21. Rcd1 Rfd8 22. Ke3 Rd6 23. Rxd6+ cxd6 24. Rd1 Rd8 25. Rd5 f5 26. h4 b5 27.
h5 Rf8 28. hxg6 hxg6 29. Rd1 f4+ 30. Ke2 Rh8 31. b3 a3 32. c3 Rh7 33. Kf2 Rh5
34. b4 c4 35. Kg1 Rh8 36. Rd5 Rh5 37. Rd1 Rh8 38. Rd5 Rh5 1/2-1/2

[Event "Moscow Aeroflot op-A 18th"]
[Site "Moscow"]
[Date "2019.02.23"]
[Round "4"]
[White "Anton Guijarro, David"]
[Black "Sychev, Klementy"]
[Result "1/2-1/2"]
[WhiteElo "2642"]
[BlackElo "2545"]
[PlyCount "93"]
[EventDate "2019.02.20"]
[EventType "swiss"]
[EventRounds "9"]
[EventCountry "RUS"]
[SourceTitle "CBM 189"]
[Source "ChessBase"]
[SourceDate "2019.04.29"]
[SourceVersion "1"]
[SourceVersionDate "2019.04.29"]
[SourceQuality "1"]

1. d4 Nf6 2. c4 g6 3. f3 c5 4. d5 Bg7 5. Nc3 d6 6. e4 O-O 7. Bg5 h6 8. Be3 e6
9. Qd2 exd5 10. cxd5 Re8 11. Be2 Nh7 12. h4 h5 13. g4 hxg4 14. h5 g5 15. O-O-O
Nd7 16. fxg4 Ne5 17. Nh3 Bxg4 18. h6 Bf6 19. Rdf1 Bxh3 20. Rxh3 a6 21. Rh2 g4
22. Rhf2 Bg5 23. Bxg4 Kh8 24. Bh5 Bxe3 25. Qxe3 Qg5 26. Qxg5 Nxg5 27. Rf5 Rg8
28. a4 b5 29. Rg1 f6 30. Rxf6 b4 31. Rf5 bxc3 32. Rfxg5 Rxg5 33. Rxg5 Nd3+ 34.
Kc2 cxb2 35. Rg1 Rb8 36. Rb1 Ne5 37. Be2 Rb4 38. a5 Rxe4 39. Bxa6 Ra4 40. Rxb2
Rxa5 41. Rb6 Nf7 42. Bc8 Nxh6 43. Be6 Kg7 44. Rxd6 Ra7 45. Rc6 Nf7 46. d6 Kf6
47. Bxf7 1/2-1/2

[Event "Moscow Aeroflot op-A 18th"]
[Site "Moscow"]
[Date "2019.02.23"]
[Round "4"]
[White "Donchenko, Alexander"]
[Black "Nabaty, Tamir"]
[Result "1/2-1/2"]
[WhiteElo "2600"]
[BlackElo "2688"]
[PlyCount "78"]
[EventDate "2019.02.20"]
[EventType "swiss"]
[EventRounds "9"]
[EventCountry "RUS"]
[SourceTitle "CBM 189"]
[Source "ChessBase"]
[SourceDate "2019.04.29"]
[SourceVersion "1"]
[SourceVersionDate "2019.04.29"]
[SourceQuality "1"]

1. Nf3 d5 2. d4 e6 3. c4 a6 4. Bg5 Be7 5. Bxe7 Nxe7 6. e3 O-O 7. Nc3 Nd7 8. Rc1
dxc4 9. Bxc4 b5 10. Bd3 c5 11. a4 c4 12. Bb1 Qb6 13. O-O Bb7 14. e4 Rfd8 15.
Qe2 Rac8 16. Rfe1 Ng6 17. axb5 axb5 18. Qe3 Nf6 19. h3 Qa5 20. e5 Nd5 21. Nxd5
Bxd5 22. Ng5 b4 23. Qe2 Qa7 24. Qg4 Nf8 25. h4 c3 26. bxc3 bxc3 27. Bc2 Rc4 28.
Red1 Bc6 29. Ra1 Qd7 30. Ra3 h6 31. Nh3 Ng6 32. Qg3 Rc8 33. h5 Nf8 34. Qd3 Bb5
35. Nf4 Qe7 36. Ra5 Qb4 37. Raa1 Qe7 38. Ra5 Qb4 39. Raa1 Qe7 1/2-1/2

[Event "Moscow Aeroflot op-A 18th"]
[Site "Moscow"]
[Date "2019.02.23"]
[Round "4"]
[White "Gavrilescu, David"]
[Black "Sindarov, Javokhir"]
[Result "1-0"]
[WhiteElo "2479"]
[BlackElo "2505"]
[PlyCount "117"]
[EventDate "2019.02.20"]
[EventType "swiss"]
[EventRounds "9"]
[EventCountry "RUS"]
[SourceTitle "CBM 189"]
[Source "ChessBase"]
[SourceDate "2019.04.29"]
[SourceVersion "1"]
[SourceVersionDate "2019.04.29"]
[SourceQuality "1"]

1. e4 e5 2. Nf3 Nc6 3. Bc4 Nf6 4. d3 Bc5 5. O-O d6 6. c3 a6 7. a4 Ba7 8. Re1
O-O 9. h3 h6 10. Nbd2 Be6 11. Bxe6 fxe6 12. b4 Nh5 13. Nf1 Qe8 14. Be3 Bxe3 15.
Rxe3 Nf4 16. Ng3 Ne7 17. Qc2 Neg6 18. d4 Rf6 19. Nf1 Kh8 20. N1h2 Rf8 21. h4
exd4 22. cxd4 e5 23. dxe5 Nxe5 24. g3 Ne6 25. Rd1 Qh5 26. Qe2 Qe8 27. Qc2 Rd8
28. Nxe5 dxe5 29. Rd5 Qh5 30. Qe2 Qxe2 31. Rxe2 Nd4 32. Re3 c6 33. Rxe5 Nc2 34.
Re2 Nxb4 35. a5 Rf7 36. Ng4 Nd3 37. Re6 Nc5 38. Re5 Nd3 39. Re6 Rc7 40. e5 Rcd7
41. h5 c5 42. Ne3 Rd4 43. Nf5 R4d5 44. f4 Nc1 45. Rc2 Nb3 46. Nd6 Rd7 47. Re2
Nd4 48. Re8+ Kh7 49. Re4 Nc6 50. Rf8 Rd1+ 51. Kh2 Rd2+ 52. Kh3 Nd4 53. Kg4 Rc7
54. f5 c4 55. e6 Nc6 56. Nf7 g6 57. f6 gxh5+ 58. Kh3 Ne7 59. Rh8+ 1-0

[Event "Moscow Aeroflot op-A 18th"]
[Site "Moscow"]
[Date "2019.02.23"]
[Round "4"]
[White "Goganov, Aleksey"]
[Black "Liu, Yan"]
[Result "1/2-1/2"]
[WhiteElo "2612"]
[BlackElo "2498"]
[PlyCount "127"]
[EventDate "2019.02.20"]
[EventType "swiss"]
[EventRounds "9"]
[EventCountry "RUS"]
[SourceTitle "CBM 189"]
[Source "ChessBase"]
[SourceDate "2019.04.29"]
[SourceVersion "1"]
[SourceVersionDate "2019.04.29"]
[SourceQuality "1"]

1. d4 Nf6 2. c4 e6 3. g3 Bb4+ 4. Bd2 a5 5. Bg2 O-O 6. Nf3 b6 7. O-O Bb7 8. Bf4
Be7 9. Nc3 Ne4 10. Qd3 Nxc3 11. bxc3 d6 12. e4 a4 13. h4 Nd7 14. Rad1 Ra5 15.
Rfe1 Qa8 16. Bg5 Re8 17. Bxe7 Rxe7 18. Nd2 Re8 19. f3 Ba6 20. f4 Bb7 21. g4 f5
22. gxf5 exf5 23. d5 Nc5 24. Qg3 fxe4 25. Nxe4 Nxe4 26. Bxe4 Qd8 27. Qg4 Ra8
28. Qh5 h6 29. Bd3 Kf8 30. Bg6 Rxe1+ 31. Rxe1 Qf6 32. Re6 Qxf4 33. Qe2 Qg3+ 34.
Kf1 Qh3+ 35. Ke1 Qxh4+ 36. Kd1 Qd8 37. Qf2+ Kg8 38. Qf7+ Kh8 39. Bd3 Qg8 40.
Qf4 Qf8 41. Qe4 Qg8 42. Qd4 Qf7 43. Rxh6+ Kg8 44. Rh2 Qf3+ 45. Kc1 Qg3 46. Bh7+
Kf7 47. Rf2+ Ke7 48. Re2+ Kd8 49. Kc2 Kc8 50. Qe4 Kb8 51. Qe8+ Ka7 52. Qxa4+
Ba6 53. Bd3 Rf8 54. Qc6 Rf7 55. Re8 Bb7 56. Qa4+ Ba6 57. Be2 Rf2 58. Re7 Qg4
59. Rxc7+ Kb8 60. Qe8+ Bc8 61. Kb3 Qf5 62. Bd3 Qg4 63. Be2 Qf5 64. Bd3 1/2-1/2

[Event "Moscow Aeroflot op-A 18th"]
[Site "Moscow"]
[Date "2019.02.23"]
[Round "4"]
[White "Gordievsky, Dmitry"]
[Black "Tahbaz, Arash"]
[Result "1-0"]
[WhiteElo "2603"]
[BlackElo "2484"]
[PlyCount "45"]
[EventDate "2019.02.20"]
[EventType "swiss"]
[EventRounds "9"]
[EventCountry "RUS"]
[SourceTitle "CBM 189"]
[Source "ChessBase"]
[SourceDate "2019.04.29"]
[SourceVersion "1"]
[SourceVersionDate "2019.04.29"]
[SourceQuality "1"]

1. Nf3 Nf6 2. c4 e6 3. g3 d5 4. b3 Be7 5. Bg2 O-O 6. Bb2 b6 7. O-O Bb7 8. e3 c5
9. Nc3 Nbd7 10. Qe2 Rc8 11. d3 Qc7 12. Nh4 dxc4 13. bxc4 Bxg2 14. Nxg2 Nb8 15.
f4 Rcd8 16. g4 Nc6 17. Rad1 Ne8 18. f5 Bf6 19. g5 Bxg5 20. fxe6 fxe6 21. Rxf8+
Kxf8 22. Qg4 Qe7 23. Qf3+ 1-0

[Event "Moscow Aeroflot op-A 18th"]
[Site "Moscow"]
[Date "2019.02.23"]
[Round "4"]
[White "Hakobyan, Aram"]
[Black "Warmerdam, Max"]
[Result "1/2-1/2"]
[WhiteElo "2545"]
[BlackElo "2450"]
[PlyCount "46"]
[EventDate "2019.02.20"]
[EventType "swiss"]
[EventRounds "9"]
[EventCountry "RUS"]
[SourceTitle "CBM 189"]
[Source "ChessBase"]
[SourceDate "2019.04.29"]
[SourceVersion "1"]
[SourceVersionDate "2019.04.29"]
[SourceQuality "1"]

1. d4 Nf6 2. Nf3 d5 3. c4 c6 4. Qb3 dxc4 5. Qxc4 Bg4 6. Nbd2 Nbd7 7. g3 e6 8.
Bg2 Be7 9. O-O O-O 10. Rd1 Rc8 11. Nb3 b5 12. Qc2 Bf5 13. Qc3 Nd5 14. Qa5 Bc2
15. Qxd8 Rfxd8 16. Rd2 Bg6 17. Ne1 Bb4 18. Rd1 Bxe1 19. Rxe1 Nb4 20. Rd1 Nc2
21. Rb1 Na3 22. Ra1 Nc2 23. Rb1 Na3 1/2-1/2

[Event "Moscow Aeroflot op-A 18th"]
[Site "Moscow"]
[Date "2019.02.23"]
[Round "4"]
[White "Idani, Pouya"]
[Black "Afanasiev, Nikita"]
[Result "1-0"]
[WhiteElo "2604"]
[BlackElo "2508"]
[PlyCount "55"]
[EventDate "2019.02.20"]
[EventType "swiss"]
[EventRounds "9"]
[EventCountry "RUS"]
[SourceTitle "CBM 189"]
[Source "ChessBase"]
[SourceDate "2019.04.29"]
[SourceVersion "1"]
[SourceVersionDate "2019.04.29"]
[SourceQuality "1"]

1. e4 d6 2. d4 Nf6 3. Nc3 e5 4. Nge2 c6 5. h3 h5 6. g3 Nbd7 7. Bg2 b5 8. a3 Rb8
9. O-O a5 10. d5 Bb7 11. dxc6 Bxc6 12. Be3 Be7 13. Nd5 Bxd5 14. exd5 Qc7 15.
Nc3 b4 16. axb4 axb4 17. Ra7 Qc8 18. Na2 Nc5 19. Qe1 b3 20. Nb4 Nfd7 21. cxb3
Bd8 22. Qc3 O-O 23. Ra3 f5 24. Nc6 f4 25. gxf4 exf4 26. Bd4 Nf6 27. Nxb8 Qxb8
28. Re1 1-0